|
|
|
|
| LEADER |
00000nab a2200000ua 4500 |
| 001 |
vtls010817260 |
| 003 |
SK-MaSNL |
| 005 |
20260303222305.0 |
| 008 |
230218s2007 xo |||||||||||||||||slo| |
| 035 |
|
|
|a (urnnbn)urn:nbn:sk:snk:ar-a05lmd
|
| 035 |
|
|
|a urn:nbn:sk:snk-ab5lg3
|
| 035 |
|
|
|a (uuid)c0d65563-c4b9-4270-aa3f-d1866fcb22fb
|
| 040 |
|
|
|a SNKBUCL
|b slo
|c SNKBUCL
|e AACR2
|
| 041 |
0 |
|
|a slo
|
| 044 |
|
|
|a xo
|c SK
|
| 100 |
1 |
|
|a Balogová, Lenka,
|d 1980-
|4 aut
|9 239848
|
| 245 |
1 |
0 |
|a EPIDEMIOLÓGIA A NAJČASTEJŠIE PRÍČINY INFEKČNÝCH HNAČIEK
|c Lenka Balogová, Nataša Špiláková, Pavol Jarčuška
|
| 700 |
1 |
|
|a Špiláková, Nataša
|4 aut
|9 1016207
|
| 700 |
1 |
|
|a Jarčuška, Pavol,
|d 1963-
|4 aut
|9 209678
|
| 773 |
0 |
|
|t Gastroenterológia pre prax
|g Roč. 6, č. 1 (2007), s. 9-[14]
|
| 954 |
|
|
|a odborná, vedecká literatúra pôvodná (slovenská)
|2 lita
|
| 958 |
|
|
|a OND
|
| 958 |
|
|
|a EUIPO
|
| 958 |
|
|
|a article5
|
| 999 |
|
|
|c 2239331
|d 2241261
|